书目信息 |
| 题名: |
与配偶相处的方法
|
|
| 作者: | 周荪 , 黄贵 编写 | |
| 分册: | ||
| 出版信息: | 重庆 重庆出版社 1997.12 |
|
| 页数: | 180页 | |
| 开本: | 32开 | |
| 丛书名: | ||
| 单 册: | ||
| 中图分类: | C913.1 | |
| 科图分类: | ||
| 主题词: | 社会生活 , 社会问题 | |
| 电子资源: | ||
| ISBN: | 7-5366-3848-5 | |
| 000 | 00613nam0 2200217 45 | |
| 001 | 0009300067 | |
| 005 | 20000930004148.7 | |
| 010 | @a7-5366-3848-5@d10.00元 | |
| 100 | @a20000930d1997 km y0chiy0120 ea | |
| 101 | 0 | @achi |
| 105 | @a z 000yy | |
| 200 | 1 | @a与配偶相处的方法@AYu Pei Ou Xiang Chu De Fang Fa@f周荪,黄贵编写@FZhou Sun,Huang Gui Bian Xie |
| 210 | @a重庆@c重庆出版社@d1997.12 | |
| 215 | @a180页@d32开 | |
| 606 | 0 | @a社会生活 |
| 606 | 0 | @a社会问题 |
| 690 | @aC913.1@v3 | |
| 701 | 0 | @a周荪@4编写 |
| 701 | 0 | @a黄贵@4编写 |
| 801 | @aCN@bPftUser@c20000930 | |
| 905 | @b163114-118@dC913.1@eZH.872@f5 | |
| 与配偶相处的方法/周荪,黄贵编写.-重庆:重庆出版社,1997.12 |
| 180页;32开 |
| ISBN 7-5366-3848-5:10.00元 |
| ● |
| 相关链接 |
|
|
|
正题名:与配偶相处的方法
索取号:C913.1/ZH.872
 
预约/预借
| 序号 | 登录号 | 条形码 | 馆藏地/架位号 | 状态 | 备注 |
| 1 | 163114 | 201631145 | 社科库509/509社科库 60排8列3层/ [索取号:C913.1/ZH.872] | 在馆 | |
| 2 | 163115 | 201631154 | 社科库509/509社科库 60排8列3层/ [索取号:C913.1/ZH.872] | 在馆 | |
| 3 | 163116 | 201631163 | 社科库509/509社科库 60排8列3层/ [索取号:C913.1/ZH.872] | 在馆 | |
| 4 | 163117 | 201631172 | 社科库509/509社科库 60排8列3层/ [索取号:C913.1/ZH.872] | 在馆 | |
| 5 | 163118 | 201631181 | 社科库509/509社科库 60排8列3层/ [索取号:C913.1/ZH.872] | 在馆 |